000 00678nam a2200205Ii 4500
003 JO-AjNU
008 230605s9999||||xx |||||||||||||| ||und||
040 _aJO-AjNU
_bara
_erda
_cJO-AjNU
041 _aara
050 1 4 _aPJ7577.F3 1980
100 3 _aسلامه، فتحي,
_eauthor
_938225
245 0 0 _aتطور الفكر الإجتماعي في الرواية العربية
250 _aط1
264 3 1 _aعمان:دار الفكر،1980
300 _a199ص
336 _atext
_btxt
_2rdacontent
337 _aunmediated
_bn
_2rdamedia
338 _avolume
_bnc
_2rdacarrier
650 4 _a القصة العربية-تاريخ ونقد-القرن العشرين
_938226
999 _aA16042
_c19610
_d19610